000 00634nam a22002177a 4500
005 20150331045205.0
008 031014s2005 maua b 001 0 eng
020 _a0072846976
041 0 _aeng
080 _a658
100 1 _aGomez-Mejia, Luis R.
245 1 0 _aManagement :
_cLuis R. Gomez-Mejia, David B. Balkin, Robert L. Cardy.
250 _a2nd ed.
260 _aBoston :
_bMcGraw-Hill/Irwin,
_c2005.
300 _a836 f. :
_bme il.;
_c27 cm. +
_e1 CD
505 _aIndex: f. 814 - 836
650 0 _aMenaxhment
700 1 _aBalkin, David B.,
700 1 _aCardy, Robert L.,
942 _2udc
_cBK
999 _c643
_d643